Mo voái

Giới thiệu về mo voái của dân tộc Mường và trình tự diễn xướng mo voái trong lễ cầu mạnh, lễ cầu thọ và lễ thượng thọ

Đã lưu trong:
Chi tiết về thư mục
Tác giả chính: Đinh Văn Ân
Định dạng: Sách
Ngôn ngữ:Vietnamese
Được phát hành: H. Văn hoá Thông tin 2012
Những chủ đề:
Các nhãn: Thêm thẻ
Không có thẻ, Là người đầu tiên thẻ bản ghi này!
Thư viện lưu trữ: Mạng thư viện Đại học Đà Nẵng
LEADER 01325aam a22003498a 4500
001 000018112
003 14539
005 20130906160955.0
008 130906s2012 viesd
020 |d 2000b 
041 0 |a vie 
082 1 4 |2 14  |a 398.209597  |b ĐI- 
100 1 |a Đinh Văn Ân 
245 1 0 |a Mo voái  |c Đinh Văn Ân 
260 |a H.  |b Văn hoá Thông tin  |c 2012 
300 |a 362 tr.  |c 21 cm. 
500 |a ĐTTS ghi: Hội Văn nghệ dân gian Việt Nam 
520 |a Giới thiệu về mo voái của dân tộc Mường và trình tự diễn xướng mo voái trong lễ cầu mạnh, lễ cầu thọ và lễ thượng thọ 
546 |a Chính văn bằng 2 thứ tiếng: Việt - Mường 
650 0 4 |2 Bộ TK TVQG  |a Văn học dân gian  |x Dân tộc Mường  |z Việt Nam 
650 7 |2 Bộ TK TVQG 
653 |a Mo voái 
OWN |a LSP 
AVA |a UDN50  |b LSP  |d 398.209597 ĐI-  |e available  |t Error 5001 Not defined in file expand_doc_bib_avail.  |f 1  |g 0  |h N  |i 0  |k 1 
999 |a From the UDN01 
AVA |a UDN50  |b LSP  |d 398.209597 ĐI-  |e available  |t Error 5001 Not defined in file expand_doc_bib_avail.  |f 1  |g 0  |h N  |i 0  |k 1 
TYP |a Monograph 
TYP |a Printed language 
980 |a Mạng thư viện Đại học Đà Nẵng